Loading...
| Science - Physics | 0 | 2 | 0 | 0 | 20 | 51 | 65.00 | 1 | 2 | 10.37 | 21.11 |
| Science - Biology | 0 | 2 | 0 | 1 | 20 | 83 | 83.00 | 0 | 1 | 6.38 | 16.67 |
| Science - Other | 0 | 2 | 1 | 0 | 15 | 65 | 81.00 | 1 | 2 | 6.50 | 20.00 |
| Geography/Current Events | 0 | 1 | 0 | 0 | 10 | 81 | 81.00 | 0 | 0 | 5.95 | 10.00 |
| History - Other | 0 | 1 | 0 | 0 | 10 | 72 | 72.00 | 1 | 1 | 10.24 | 15.56 |
| History - World | 0 | 1 | 0 | 0 | 10 | 103 | 103.00 | 0 | 0 | 2.51 | 3.33 |
| History - European | 0 | 0 | 1 | 0 | -5 | 0.00 | 0 | 0 | 0.00 | 0.00 | |
| History - American | 0 | 0 | 1 | 0 | -5 | 0.00 | 0 | 0 | 0.00 | 0.00 | |
| Social Science | 0 | 0 | 1 | 0 | -5 | 0.00 | 0 | 0 | 0.00 | 0.00 |